Distance Education Technologies in Asia/ (Record no. 190437)

MARC details
000 -LEADER
fixed length control field 00643nam a22001937a 4500
005 - DATE AND TIME OF LATEST TRANSACTION
control field 20220726112204.0
010 ## - LCCN (DPL NO)
LC control number ENG-133935
020 ## - INTERNATIONAL STANDARD BOOK NUMBER
International Standard Book Number 9788132105619
Terms of availability 650.00
035 ## - SYSTEM CONTROL NUMBER
System control number EN-117467
037 ## - SOURCE OF ACQUISITION
Source of stock number/acquisition DBAD/PUB
082 ## - DEWEY DECIMAL CLASSIFICATION NUMBER
Classification number 371.359095
245 ## - TITLE STATEMENT
Title Distance Education Technologies in Asia/
Statement of responsibility, etc Edited by Jon Baggaley and Tian Belawati
260 ## - PUBLICATION, DISTRIBUTION, ETC. (IMPRINT)
Place of publication, distribution, etc New Delhi
Name of publisher, distributor, etc Sage Publication India Pvt Ltd
Date of publication, distribution, etc 2010
270 ## - ADDRESS
Address B1/1-1, Mohan Cooperative Industrial Area Mathura Road
City New Delhi
Postal code 110044
300 ## - PHYSICAL DESCRIPTION
Extent xvii, 270p.
Dimensions 24cm(hb)
700 ## - ADDED ENTRY--PERSONAL NAME
Personal name Baggaley, Jon
700 ## - ADDED ENTRY--PERSONAL NAME
Personal name Belawati, Tian
942 ## - ADDED ENTRY ELEMENTS (KOHA)
Source of classification or shelving scheme Dewey Decimal Classification
Item type English Books
Classification part 371.359095
Call number suffix DIS
Holdings
Withdrawn status Lost status Not for loan Collection code Home library Current library Date acquired Source of acquisition Cost, normal purchase price Full call number Barcode Copy number Cost, replacement price Koha item type
      Non-fiction Ashok Vihar Ashok Vihar 26/07/2022 DBAD/PUB 650.00 371.359095 DIS EN-117467 1 650.00 English Books

© Delhi Public Library
Hit Counter
free hit counter